Beatstar Deluxe Difficulties #4 - Statistics

General Stats
  • This quiz has been taken 14 times
  • The average score is 13 of 15
Answer Stats
Hint Extra Hint Answer % Correct
24K Magic Bruno Mars Hard
100%
Montero (Call Me by Your Name) Lil Nas X Hard
100%
good 4 u Olivia Rodrigo Hard
90%
When You Were Young The Killers Hard
90%
Happier Marshmello, Bastille Hard
90%
Grifo Tipa Tipo Hard
90%
The Less I Know the Better Tame Impala Hard
90%
Electric Feel MGMT Hard
90%
Starving Hailee Steinfeld, Grey, Zedd Hard
90%
Take Me to Church Hozier Hard
90%
Sliver - Live In Del Mar Nirvana Hard
90%
Pompeii Bastille Hard
90%
Lay Low Tiësto Hard
80%
Chandelier Sia Normal
60%
I Want It That Way Backstreet Boys Normal
60%
No matching quizzes found
Score Distribution
Percent of People with Each Score
Percentile by Number Answered
Your Score History
You have not taken this quiz